000 00292nam a22001337a 4500
008 181221b xxu||||| |||| 00| 0 eng d
020 _a0136107419
041 _aeng
080 _a616
100 _a9
101 _aPAT
245 _aThe Nature of Stuttering
_cRiper, Ch. V
942 _2udc
_cBK
999 _c53696
_d53696